| 000 | 00575pam a2200205 a 4500 | ||
|---|---|---|---|
| 999 |
_c9400 _d9400 |
||
| 001 | 24670901 | ||
| 003 | OCoLC | ||
| 005 | 20210113154506.0 | ||
| 008 | 911015s1993 orua 000 0 eng | ||
| 010 | _a91038201 | ||
| 020 | _a0890819769 | ||
| 040 |
_aDLC _cDLC _dBSC |
||
| 092 |
_a270.82 _bH237c |
||
| 100 | 1 | _aHanegraaff, Hank. | |
| 245 | 1 | 0 |
_aChristianity in crisis / _cHank Hanegraaff. |
| 260 |
_aEugene, Or. : _bHarvest House Publishers, _cc1993. |
||
| 300 |
_a447 p. : _bill. ; _c24 cm. |
||
| 650 | 0 |
_aFaith movement (Hagin) _xControversial literature. |
|
| 942 |
_2ddc _cBK |
||